| 000 | 00688nam a22001937a 4500 | ||
|---|---|---|---|
| 999 |
_c20242 _d20242 |
||
| 003 | AR-CdUCM | ||
| 008 | 190528b ||||| |||| 00| 0 spa d | ||
| 040 |
_aMUNICIPALIDAD PROVINCIAL DEL CUSCO _cBIBLIOTECA MUNICIPAL DEL CUSCO |
||
| 082 |
_a731.5 / _bD98 |
||
| 100 |
_aRuzzier, Jordan _942310 |
||
| 245 | _aManual de escultura para principiantes / | ||
| 260 |
_aBuenos Aires : _bHobby, _c1944. |
||
| 300 |
_a131 páginas ; _bIlustraciones, _c27 cm. |
||
| 505 | _aContenido: Importancia de la observación -- Importancia del cultivo de memoria -- Cultura estética -- Luz y sombra... | ||
| 650 |
_aEscultura _913152 |
||
| 650 |
_aEstética _9589 |
||
| 942 |
_2ddc _cLIBROS |
||
| 945 | _aAndy | ||